[Event "RUS-ch Rapid Men 2018"]
[Site "Sochi"]
[Date "2018.10.05"]
[Round "2"]
[White "Esipenko, Andrey"]
[Black "Dilmukhametov, Artur"]
[Result "1-0"]
[WhiteElo "2609"]
[BlackElo "2353"]
[Annotator "ChessBase"]
[PlyCount "95"]
[EventDate "2018.10.05"]
[EventType "swiss"]
[EventCountry "RUS"]
[SourceTitle "playchess.com"]
[Source "ChessBase"]
[SourceQuality "1"]
[TimeControl "900+10"]

1. d4 {[%emt 0:00:00]} d5 {[%emt 0:00:00]} 2. Nf3 {[%emt 0:00:00]} c6 {[%emt 0:00:00]} 3. c4 {[%emt 0:00:04]} Nf6 {[%emt 0:00:08]} 4. Qb3 {[%emt 0:00:05]} dxc4 {[%emt 0:00:35]} 5. Qxc4 {[%emt 0:00:02]} Bf5 {[%emt 0:00:13]} 6. Nc3 {[%emt 0:00:19]} e6 {[%emt 0:00:37]} 7. g3 {[%emt 0:00:11]} Nbd7 {[%emt 0:00:26]} 8. Bg2 {[%emt 0:01:04]} Be7 {[%emt 0:00:37]} 9. O-O {[%emt 0:00:20]} O-O {[%emt 0:00:14]} 10. Re1 {[%emt 0:01:33]} Ne4 {[%emt 0:00:58]} 11. Qb3 {[%emt 0:02:17]} Qb6 {[%emt 0:05:11]} 12. Nh4 {[%emt 0:00:58]} Bxh4 {[%emt 0:00:57]} 13. gxh4 {[%emt 0:00:35]} Nxc3 {[%emt 0:02:38]} 14. bxc3 {[%emt 0:00:16]} e5 {[%emt 0:00:03]} 15. e4 {[%emt 0:01:53]} Be6 {[%emt 0:00:19]} 16. Qd1 {[%emt 0:00:10]} Bc4 {[%emt 0:01:16]} 17. Be3 {[%emt 0:01:12]} Qa5 {[%emt 0:00:09]} 18. Qh5 {[%emt 0:01:08]} Rfe8 {[%emt 0:01:20]} 19. f4 {[%emt 0:00:24]} g6 {[%emt 0:00:19]} 20. Qf3 {[%emt 0:00:14]} f6 {[%emt 0:00:52]} 21. Rac1 {[%emt 0:00:34]} Nf8 {[%emt 0:00:45]} 22. h5 {[%emt 0:00:34]} exd4 {[%emt 0:00:24]} 23. cxd4 {[%emt 0:00:04]} Bxa2 {[%emt 0:00:15]} 24. hxg6 {[%emt 0:00:46]} hxg6 {[%emt 0:00:02]} 25. Ra1 {[%emt 0:00:09]} Qc3 {[%emt 0:00:10]} 26. f5 {[%emt 0:00:06]} Bf7 {[%emt 0:00:25]} 27. fxg6 {[%emt 0:00:08]} Bxg6 {[%emt 0:00:06]} 28. Qxf6 {[%emt 0:00:28]} Re6 {[%emt 0:00:29]} 29. Qh4 {[%emt 0:01:20]} Rae8 {[%emt 0:00:10]} 30. Rac1 {[%emt 0:00:41]} Qb4 {[%emt 0:00:08]} 31. Bf2 {[%emt 0:00:31]} R6e7 {[%emt 0:00:12]} 32. Rc5 {[%emt 0:00:33]} Rh7 {[%emt 0:00:07]} 33. Qg3 {[%emt 0:00:08]} Rg7 {[%emt 0:00:06]} 34. Rg5 {[%emt 0:00:05]} Qe7 {[%emt 0:00:13]} 35. d5 {[%emt 0:00:48]} Bh7 {[%emt 0:00:05]} 36. h4 {[%emt 0:00:41]} cxd5 {[%emt 0:00:09]} 37. exd5 {[%emt 0:00:05]} Rxg5 {[%emt 0:00:12]} 38. Rxe7 {[%emt 0:00:25]} Rxg3 {[%emt 0:00:01]} 39. Rxe8 {[%emt 0:00:01]} Rc3 {[%emt 0:00:23]} 40. Bxa7 {[%emt 0:00:09]} Kf7 {[%emt 0:00:08]} 41. Rb8 {[%emt 0:00:04]} Rb3 {[%emt 0:00:07]} 42. d6 {[%emt 0:00:29]} Rb1+ {[%emt 0:00:01]} 43. Kf2 {[%emt 0:00:01]} Nd7 {[%emt 0:00:28]} 44. Bd5+ {[%emt 0:00:04]} Kf6 {[%emt 0:00:09]} 45. Bd4+ {[%emt 0:00:03]} Kf5 {[%emt 0:00:05]} 46. Rd8 {[%emt 0:00:17]} Rd1 {[%emt 0:00:13]} 47. Ke3 {[%emt 0:00:07]} Nf6 {[%emt 0:00:08]} 48. Rf8 {[%emt 0:00:03]} 1-0

[Event "RUS-ch Rapid Men 2018"]
[Site "Sochi"]
[Date "2018.10.05"]
[Round "2"]
[White "Chigaev, Maksim"]
[Black "Fakhrutdinov, Timur"]
[Result "1-0"]
[WhiteElo "2599"]
[BlackElo "2472"]
[Annotator "TA"]
[PlyCount "93"]
[EventDate "2018.10.05"]
[EventType "swiss"]
[EventCountry "RUS"]
[SourceTitle "playchess.com"]
[Source "ChessBase"]
[SourceQuality "1"]

{[%evp 19,93,13,14,15,15,14,20,15,15,15,15,15,15,15,15,19,22,24,18,22,40,47,57,61,72,77,65,71,81,72,72,71,177,197,185,180,194,176,171,174,211,206,187,200,207,207,195,199,193,172,192,139,185,177,166,159,301,294,368,335,359,358,337,327,418,418,833,852,830,749,831,849,1357,1316,1097,1067]} 1. e4 e5 2. Nf3 Nc6 3. Bc4 Bc5 4. O-O Nf6 5. d3 a6 6. a4 {C50: Hungarian Defence and Giuoco Pianissimo} d6 7. c3 Ba7 8. Re1 O-O 9. h3 h6 (9... Kh8 10. d4 h6 11. dxe5 Nxe5 12. Nxe5 dxe5 13. Qxd8 Rxd8 14. Nd2 Kg8 15. Nf3 {½-½ (31) Anand,V (2771)-Aronian,L (2780) Batumi 2018}) 10. Nbd2 {[%cal Bb1d2,Bd2f1,Bf1g3][%mdl 32]} Ne7 {LiveBook: 43 Games} 11. Nf1 Ng6 12. Ng3 c6 13. Bb3 d5 14. exd5 Nxd5 ({But not} 14... Qb6 $6 15. Be3 $16) 15. d4 exd4 16. Nxd4 {[#]} Re8 $146 17. Rxe8+ Qxe8 18. Bxd5 cxd5 19. Be3 Bd7 20. Ndf5 {Nxg7! is the strong threat.} Bxf5 21. Nxf5 {And now Bxa7 would win.} Qe5 22. Qg4 Bxe3 23. Nxe3 Rd8 24. Rd1 Nf4 25. Qf3 b5 {[#]} (25... d4 $16 {was called for.}) 26. axb5 $1 $18 axb5 27. Rd4 Ne6 28. Rxd5 Rxd5 29. Qxd5 Qxd5 30. Nxd5 {[%mdl 4096] Endgame KN-KN} Kf8 31. Kf1 Ke8 32. Ke2 Kd7 33. Ke3 Kd6 34. Nf4 Nc5 35. Nd3 (35. b4 $18) 35... Ne6 36. h4 Kd5 37. b3 g5 (37... Nf8 $16 38. g4 Nd7) 38. hxg5 hxg5 39. g4 Nc7 40. Nb4+ Ke5 41. Nc6+ Kd5 42. Nd4 f6 {[#]} (42... Kc5 $142 43. Ke4 Ne8) 43. Nxb5 $1 {[%mdl 512] White is clearly winning.} Ne6 (43... Nxb5 44. c4+) 44. Nd4 Nf4 45. c4+ Ke5 46. Nf3+ Ke6 47. Ke4 {Precision: White = 99%, Black = 49%.} 1-0

[Event "RUS-ch Rapid Men 2018"]
[Site "Sochi"]
[Date "2018.10.05"]
[Round "2"]
[White "Antipov, Mikhail Al."]
[Black "Apryshko, Gleb"]
[Result "1-0"]
[WhiteElo "2593"]
[BlackElo "2399"]
[Annotator "ChessBase"]
[PlyCount "77"]
[EventDate "2018.10.05"]
[EventType "swiss"]
[EventCountry "RUS"]
[SourceTitle "playchess.com"]
[Source "ChessBase"]
[SourceQuality "1"]
[TimeControl "900+10"]

1. e4 {[%emt 0:00:00]} g6 {[%emt 0:00:00]} 2. d4 {[%emt 0:00:00]} Bg7 {[%emt 0:00:02]} 3. Nc3 {[%emt 0:00:02]} a6 {[%emt 0:00:13]} 4. g4 {[%emt 0:00:33]} d6 {[%emt 0:02:16]} 5. h4 {[%emt 0:00:21]} Nc6 {[%emt 0:00:35]} 6. Be3 {[%emt 0:00:49]} Nf6 {[%emt 0:04:34]} 7. f3 {[%emt 0:00:11]} e5 {[%emt 0:00:55]} 8. dxe5 {[%emt 0:06:23]} Nxe5 {[%emt 0:02:12]} 9. h5 {[%emt 0:01:24]} gxh5 {[%emt 0:00:05]} 10. g5 {[%emt 0:00:01]} Nfd7 {[%emt 0:02:05]} 11. f4 {[%emt 0:00:14]} Ng6 {[%emt 0:00:51]} 12. f5 {[%emt 0:01:00]} Bxc3+ {[%emt 0:00:04]} 13. bxc3 {[%emt 0:00:01]} Nge5 {[%emt 0:00:02]} 14. Qxh5 {[%emt 0:00:29]} Qe7 {[%emt 0:00:05]} 15. Nh3 {[%emt 0:00:44]} Nb6 {[%emt 0:00:46]} 16. Bxb6 {[%emt 0:02:29]} cxb6 {[%emt 0:00:01]} 17. Nf4 {[%emt 0:00:05]} Qxg5 {[%emt 0:01:49]} 18. Qxg5 {[%emt 0:00:17]} Nf3+ {[%emt 0:00:01]} 19. Ke2 {[%emt 0:00:01]} Nxg5 {[%emt 0:00:00]} 20. Nd5 {[%emt 0:00:02]} Nxe4 {[%emt 0:00:55]} 21. Kf3 {[%emt 0:00:58]} Bxf5 {[%emt 0:00:04]} 22. Re1 {[%emt 0:00:23]} Kd7 {[%emt 0:00:52]} 23. Nxb6+ {[%emt 0:00:08]} Kc6 {[%emt 0:00:01]} 24. Nxa8 {[%emt 0:00:02]} Nxc3 {[%emt 0:00:14]} 25. Bg2 {[%emt 0:00:13]} Be6 {[%emt 0:00:13]} 26. Kf2+ {[%emt 0:00:28]} d5 {[%emt 0:00:04]} 27. Re3 {[%emt 0:00:20]} Ne4+ {[%emt 0:00:15]} 28. Bxe4 {[%emt 0:00:04]} dxe4 {[%emt 0:00:01]} 29. Rc3+ {[%emt 0:00:00]} Kd6 {[%emt 0:00:14]} 30. Rd1+ {[%emt 0:00:24]} Ke5 {[%emt 0:00:03]} 31. Nc7 {[%emt 0:00:02]} Bxa2 32. Rc5+ {[%emt 0:00:13]} Kf4 {[%emt 0:00:37]} 33. c4 {[%emt 0:00:02]} b5 {[%emt 0:00:10]} 34. Nd5+ {[%emt 0:00:05]} Kg4 {[%emt 0:00:10]} 35. Nf6+ {[%emt 0:00:06]} Kf4 {[%emt 0:00:04]} 36. Nh5+ {[%emt 0:00:01]} Kg4 {[%emt 0:00:04]} 37. Rg1+ {[%emt 0:00:01]} Kh4 {[%emt 0:00:03]} 38. Rh1+ {[%emt 0:00:01]} Kg4 {[%emt 0:00:03]} 39. Nf6+ {[%emt 0:00:00]} 1-0

[Event "RUS-ch Rapid Men 2018"]
[Site "Sochi"]
[Date "2018.10.05"]
[Round "2"]
[White "Pridorozhni, Aleksei"]
[Black "Truskavetsky, Alexandr"]
[Result "0-1"]
[WhiteElo "2574"]
[BlackElo "2393"]
[Annotator "TA"]
[PlyCount "66"]
[EventDate "2018.10.05"]
[EventType "swiss"]
[EventCountry "RUS"]
[SourceTitle "playchess.com"]
[Source "ChessBase"]
[SourceQuality "1"]

{[%evp 26,66,4,-18,-24,-61,-41,-46,-21,-70,-95,-80,-34,-52,0,-2,0,-188,-209,-414,-406,-391,-408,-406,-387,-679,-583,-1160,-1212,-1182,-1186,-1178,-1166,-29967,-29968,-29968,-29969,-29969,-29962,-6370,-1540,-1462,-1451]} 1. e4 c6 2. Nc3 d5 3. d4 dxe4 4. Nxe4 Bf5 5. Ng3 Bg6 6. Nf3 Nf6 7. h4 h6 8. h5 Bh7 9. Bd3 Bxd3 10. Qxd3 e6 11. Bd2 Be7 12. O-O-O O-O 13. Qe2 Nbd7 14. c4 {LiveBook: 3 Games. B19: Classical Caro-Kann: 4...Bf5 main line} Re8 {[#]} 15. Nf1 $146 {[#]} ({Predecessor:} 15. Ne5 c5 16. Rh4 Qc7 17. Nxd7 Qxd7 18. dxc5 Qa4 19. a3 Bxc5 20. Bc3 {½-½ (30) Fedorchuk,S (2576)-Dziuba,M (2502) Marseille 2006}) 15... b5 $1 {[%mdl 512]} 16. c5 {Black is slightly better.} (16. cxb5 cxb5) 16... Nd5 {[%cal Bf6d5,Bd5b6,Bb6c4][%mdl 32]} 17. g4 {[#]} e5 $1 {[%mdl 512]} 18. dxe5 Nxc5 19. Ng3 {[#]} b4 (19... Bf6 $1 $15 {[%mdl 512]} 20. Kb1 (20. exf6 Rxe2) 20... Nd7) 20. Nf5 Qa5 21. Qc4 $2 {[#]} (21. Kb1 $1 $11) 21... Nb6 $1 $19 {[%cal Rb6c4]} 22. Qc2 $2 (22. Bxb4 Nxc4 23. Bxa5 Nxa5 24. b4) 22... Qxa2 23. Nxe7+ Rxe7 24. Qxc5 {[#]} Nc4 $1 {[%csl Gc4][%cal Ra2b2][%mdl 512]} 25. Qxb4 $2 (25. Kc2 Qxb2+ 26. Kd3 Rd7+ 27. Ke2 (27. Kxc4 {gets mated.} Qc2+ 28. Kxb4 Rb8+ 29. Qb6 Rxb6+ 30. Ka5 Rd5#)) 25... c5 26. Qc3 {White wants to play Qc2.} Rb7 {[%cal Rb7b2]} 27. Kc2 Rxb2+ 28. Kd3 Rb3 {Strongly threatening ...Rd8+.} 29. Ra1 Rxc3+ 30. Kxc3 Qb2+ 31. Kxc4 Qc2+ 32. Kb5 Qd3+ (32... Qb3+ $142 33. Ka5 Qb6+ 34. Ka4 Rb8) 33. Ka5 Rb8 {Precision: White = 28%, Black = 69%.} 0-1

[Event "RUS-ch Rapid Men 2018"]
[Site "Sochi"]
[Date "2018.10.05"]
[Round "2"]
[White "Bocharov, Ivan"]
[Black "Malakhov, Igor"]
[Result "1-0"]
[WhiteElo "2563"]
[BlackElo "2423"]
[Annotator "TA"]
[PlyCount "115"]
[EventDate "2018.10.05"]
[EventType "swiss"]
[EventCountry "RUS"]
[SourceTitle "playchess.com"]
[Source "ChessBase"]
[SourceQuality "1"]

{[%evp 26,115,32,27,27,30,28,27,31,7,33,32,50,-11,-9,-11,-11,-12,-11,-15,-15,-20,0,0,15,15,20,10,23,20,15,17,30,0,0,0,0,0,0,0,0,-25,-25,-35,0,-27,-23,-29,13,-63,-63,-63,0,0,0,0,0,0,10,11,16,-8,125,149,314,314,314,314,314,64,66,66,1981,2000,1888,1004,1160,202,10469,3040,4133,5085,1192,29971,29970,29969,29966,29962,10473,8210,6298,9011]} 1. e4 c5 2. Nf3 Nc6 3. d4 cxd4 4. Nxd4 g6 5. c4 Nf6 6. Nc3 d6 7. f3 Nxd4 8. Qxd4 Bg7 9. Be3 O-O 10. Qd2 Be6 11. Be2 Qa5 12. Nb5 {B36: Sizilianisch (Maroczy-Aufbau)} (12. Rc1 Rfc8 13. b3 a6 14. Na4 Qxd2+ 15. Kxd2 Rc6 16. g4 Kf8 17. Nb6 Rb8 18. Nd5 Rcc8 19. Nf4 Bd7 20. g5 Ng8 21. Nd5 e6 {½-½ (65) Giri,A (2785)-Zvjaginsev,V (2661) Sochi 2017}) 12... Qxd2+ 13. Kxd2 a6 14. Nc7 {LiveBook: 4 Partien. Weiß steht etwas besser.} Rac8 15. Nxe6 fxe6 16. Rac1 Nd7 17. b4 $146 ({Vorgänger:} 17. b3 a5 18. Rhd1 Bb2 19. Rc2 Ba3 {½-½ (38) Fernandez,D (2346)-Arkell,K (2444) Ascot 2013}) 17... Ne5 18. f4 Nc6 19. Bg4 (19. b5 $14 axb5 20. cxb5) 19... Kf7 $11 20. b5 axb5 21. cxb5 Nd4 22. Bxd4 Bxd4 23. a4 Rxc1 (23... h5 {seems wilder.} 24. Bf3 e5 25. fxe5 Bxe5 26. g3 Ke6) 24. Rxc1 {[%mdl 4096] Endspiel KTL-KTL} Ra8 25. Bd1 Bc5 26. Bb3 b6 27. g4 Kg7 28. Kd3 d5 29. Re1 Rf8 30. Rf1 Bd6 31. exd5 exd5 32. f5 e6 {[%cal Be7e6,Be6f5,Bf5f4][%mdl 32]} 33. Re1 exf5 34. Re6 Bc5 (34... Rf6 $5 {[%cal Rf6e6]} 35. gxf5 gxf5 36. Bxd5 Bxh2 $15) 35. g5 f4 36. Bxd5 Rf5 37. Kc4 (37. Bf3 $11) 37... f3 $15 38. Rf6 $1 {[%cal Rf6f5] Txf5 ist eine echte Drohung.} Rxg5 (38... f2 $1 $15 39. Rxf5 gxf5) 39. Rf7+ $11 Kh6 40. Bxf3 Be3 41. Re7 Rc5+ 42. Kd3 Bf4 43. Re6 (43. Rb7 {with more complications.} Re5 44. Be4 Re6 45. Bc6 Re3+ 46. Kc4) 43... Bc7 (43... Re5 $11 {hält das Gleichgewicht.} 44. Rxe5 Bxe5) 44. Rc6 $1 $16 {[%cal Rc6c5] Und Txc5 würde nun gewinnen.} Rxc6 $2 (44... Rf5 $16 {ist eine bessere Verteidigung.}) 45. bxc6 {KL-KL} Kg5 {[#]} 46. Kc4 $1 Kf4 47. Bg2 Ke5 $1 48. Kb5 $1 {[%cal Rb5a6] zielt auf Ka6 ab.} Ke6 $2 {[%mdl 8192]} (48... Kd6 $14) 49. h3 $18 Ke7 50. Ka6 Kd8 51. Kb7 g5 $2 (51... Bd6 52. Be4 (52. Kxb6 Kc8 $16) 52... Bf4) 52. Bf3 h6 53. Bg4 Be5 54. Kxb6 h5 55. Bf5 Bc7+ 56. Kb7 Ba5 57. Ka6 Bc7 {[#]} 58. a5 $1 {Precision: Weiß = 74%, Schwarz = 44%.} 1-0

[Event "RUS-ch Rapid Men 2018"]
[Site "Sochi"]
[Date "2018.10.05"]
[Round "2"]
[White "Yuffa, Daniil"]
[Black "Papenin, Nikolai"]
[Result "1-0"]
[WhiteElo "2563"]
[BlackElo "2334"]
[Annotator "TA"]
[PlyCount "40"]
[EventDate "2018.10.05"]
[EventType "swiss"]
[EventCountry "RUS"]
[SourceTitle "playchess.com"]
[Source "ChessBase"]
[SourceQuality "1"]

{[%evp 19,40,32,85,63,79,86,60,82,68,78,66,78,890,894,836,841,828,732,796,773,1344,1319,1319]} 1. e4 c5 2. Nf3 d6 3. d4 cxd4 4. Nxd4 Nf6 5. Nc3 Nc6 6. Bg5 Bd7 7. Qd2 Rc8 8. f4 Nxd4 9. Qxd4 Qa5 10. e5 {B61: Sicilian: Richter-Rauzer: 6...Bd7 7 Qd2} Rxc3 {LiveBook: 5 Games} (10... dxe5 $14 11. fxe5 e6) (10... dxe5 11. fxe5 Bc6 12. O-O-O Nd7 13. Bc4 Qxe5 14. Qd2 Qc5 15. Bb3 h6 16. Ne4 Qe5 17. Rhe1 hxg5 18. Nd6+ exd6 19. Qxd6 Bxd6 {0-1 (19) Volokitin,A (2628)-Adly,A (2637) Riadh 2017}) 11. bxc3 Ne4 12. Qxe4 {White is better.} Qxc3+ 13. Kf2 {Black must now prevent Rb1.} Qxa1 {[#]} 14. Bb5 $146 {[%mdl 512] Intending Bxd7+ and mate.} ({Predecessor:} 14. exd6 Qc3 15. Bxe7 f5 16. Qe2 Qd4+ 17. Kg3 Qe4 18. Bxf8 Rxf8 19. Qxe4+ fxe4 {½-½ (49) Cornford,L-Jensen,K Auckland 1977}) 14... Qb2 ({And not} 14... Qxh1 15. Qxb7 Qf1+ 16. Bxf1 f6 17. Bb5 Kf7 18. Qxd7 h6 19. Bc4+ Kg6 20. Qe6 dxe5 21. Bd3+ e4 22. Bxe4+ Kh5 23. Qh3#) (14... Bxb5 15. Rxa1) 15. Qxb7 $40 {[%csl Gb5][%cal Rb7d7][%mdl 128] White attacks with force.} Qd4+ $2 {[%mdl 8192]} (15... Qxc2+ $16 16. Kg3 Qc3+ 17. Kh4 Bxb5 18. Qxb5+ Kd8 19. exd6 f6) 16. Ke2 $18 {[%csl Gb5][%cal Rb7d7] White is clearly winning.} Bxb5+ 17. Qxb5+ Kd8 18. Qb8+ Kd7 19. Qb7+ Ke6 20. Qc8+ Kd5 1-0

[Event "RUS-ch Rapid Men 2018"]
[Site "Sochi"]
[Date "2018.10.05"]
[Round "2"]
[White "Savchenko, Boris"]
[Black "Ozgibcev, Anatoly"]
[Result "1-0"]
[WhiteElo "2562"]
[BlackElo "2368"]
[Annotator "TA"]
[PlyCount "99"]
[EventDate "2018.10.05"]
[EventType "swiss"]
[EventCountry "RUS"]
[SourceTitle "playchess.com"]
[Source "ChessBase"]
[SourceQuality "1"]

{[%evp 13,99,-37,-8,-12,-8,-17,-15,-36,-5,-2,3,-21,-19,-10,-26,-17,0,-7,0,0,0,-6,-15,-36,-27,-58,-22,-26,-27,-42,-28,-21,-17,-31,-2,-40,-28,-27,-27,-27,-27,-35,0,-4,6,7,6,6,7,6,8,6,12,10,6,0,80,78,79,79,69,66,97,93,245,236,287,258,528,476,524,510,512,491,430,381,553,520,860,687,853,843,733,665,1400,1173,1800,1775]} 1. e4 e5 2. f4 exf4 3. Bc4 Nf6 4. Nc3 c6 5. Bb3 d5 6. exd5 Nxd5 {C33: King's Gambit Accepted: 3 Nc3 and 3 Bc4} 7. Nf3 Nxc3 {LiveBook: 3 Games} 8. dxc3 (8. bxc3 Bd6 9. O-O O-O 10. d4 Bg4 11. Qd3 Nd7 12. Nd2 Qe7 13. Qe4 Qf6 14. Nc4 {0-1 (46) Morozevich,A (2665)-Anand,V (2776) Moscow 2018}) 8... Bd6 $146 {The position is equal.} ({Predecessor:} 8... Qxd1+ 9. Kxd1 Bd6 10. Re1+ Kf8 11. Re4 Nd7 12. Bxf4 Bxf4 13. Rxf4 Nf6 14. Kd2 {½-½ (62) Burovic,R (2380)-Valsecchi,A (2500) Batumi 2018}) 9. Qd4 Qe7+ 10. Kf1 O-O {Hoping for ...Qc7.} 11. Bxf4 Bc5 $132 {[%mdl 2048] Black is not keeping still} 12. Qd2 b6 13. Bc4 Ba6 14. Bd3 Bxd3+ 15. cxd3 Bd6 16. Re1 Qc7 17. Bg3 Nd7 18. Nd4 Rfe8 19. Qg5 Rxe1+ (19... g6 {keeps more tension.} 20. Kf2 f6 21. Rxe8+ Rxe8 22. Qh4 Bxg3+ 23. Qxg3 Qxg3+ 24. hxg3 Ne5) 20. Kxe1 Bxg3+ 21. hxg3 Qe5+ (21... Re8+ {with more complications.} 22. Kd1 g6 23. Qf4 Qe5 24. Rf1 f5) 22. Qxe5 Nxe5 $11 {[%mdl 4096] Endgame KRN-KRN} 23. Kd2 c5 24. Nb5 a6 25. Nc7 Rd8 26. Kc2 f6 ({Don't play} 26... Rxd3 $6 27. Re1 $16) 27. Re1 Rd7 28. Nxa6 Ra7 29. d4 cxd4 30. cxd4 Rxa6 31. dxe5 fxe5 {KR-KR} 32. a3 Ra5 33. Rf1 e4 34. Rf4 Rg5 {[#]} (34... Rc5+ $11 {keeps the balance.} 35. Kd2 Rb5) 35. g4 $1 $16 ({Much worse is} 35. Rxe4 $6 Rxg3 36. Re2 Kf7 $11) 35... Re5 36. Kd2 e3+ 37. Ke2 h6 38. a4 Rc5 $2 {[#]} (38... g5 $16 39. Rd4 Rc5) 39. Kxe3 $18 Rc2 40. Rb4 Rxg2 $2 (40... Rc6 41. Rb5 Kf7) 41. Kf3 Rg1 42. Rxb6 Ra1 43. b3 {[%cal Bb2b3,Bb3b4][%mdl 32]} Kf7 44. Rb5 g6 (44... Ke7 $142 45. Rb6 Kd8) 45. a5 {[%cal Ba4a5,Ba5a6][%mdl 32] White is clearly winning.} Kf6 (45... Ra3 $142 46. Kf4 h5) 46. b4 Ra4 47. Kf4 Ke6 48. Rb6+ Kd5 49. a6 Ra3 50. Rxg6 {Precision: White = 70%, Black = 29%.} 1-0

[Event "RUS-ch Rapid Men 2018"]
[Site "Sochi"]
[Date "2018.10.05"]
[Round "2"]
[White "Bocharov, Dmitry"]
[Black "Stambulian, Arsen"]
[Result "1-0"]
[WhiteElo "2557"]
[BlackElo "2339"]
[Annotator "ChessBase"]
[PlyCount "41"]
[EventDate "2018.10.05"]
[EventType "swiss"]
[EventCountry "RUS"]
[SourceTitle "playchess.com"]
[Source "ChessBase"]
[SourceQuality "1"]
[TimeControl "900+10"]

1. d4 {[%emt 0:00:00]} Nf6 {[%emt 0:00:00]} 2. c4 {[%emt 0:00:00]} g6 {[%emt 0:00:00]} 3. Nc3 {[%emt 0:00:26]} d5 {[%emt 0:00:00]} 4. e3 {[%emt 0:00:05]} Bg7 {[%emt 0:00:03]} 5. Qb3 {[%emt 0:00:02]} dxc4 {[%emt 0:01:20]} 6. Bxc4 {[%emt 0:00:03]} O-O {[%emt 0:00:02]} 7. Nf3 {[%emt 0:00:02]} Nc6 {[%emt 0:00:02]} 8. Be2 {[%emt 0:00:11]} b6 {[%emt 0:00:11]} 9. O-O {[%emt 0:00:09]} Bb7 {[%emt 0:00:02]} 10. Rd1 {[%emt 0:00:05]} Qc8 {[%emt 0:00:11]} 11. e4 {[%emt 0:00:28]} Ba6 {[%emt 0:00:44]} 12. Bxa6 {[%emt 0:01:38]} Qxa6 {[%emt 0:00:02]} 13. e5 {[%emt 0:02:05]} Ng4 {[%emt 0:00:21]} 14. h3 {[%emt 0:02:48]} Nh6 {[%emt 0:00:02]} 15. d5 {[%emt 0:00:06]} Nb8 {[%emt 0:01:06]} 16. Bg5 {[%emt 0:00:20]} Nd7 {[%emt 0:00:38]} 17. Bxe7 {[%emt 0:00:11]} Rfe8 {[%emt 0:00:05]} 18. d6 {[%emt 0:00:02]} Nc5 {[%emt 0:04:26]} 19. Qd5 {[%emt 0:00:14]} cxd6 {[%emt 0:02:33]} 20. exd6 {[%emt 0:00:10]} Nd7 {[%emt 0:00:32]} 21. Nb5 {[%emt 0:00:36]} 1-0

[Event "RUS-ch Rapid Men 2018"]
[Site "Sochi"]
[Date "2018.10.05"]
[Round "2"]
[White "Smagin, Sergey"]
[Black "Rakhmanov, Aleksandr"]
[Result "1-0"]
[WhiteElo "2551"]
[BlackElo "2634"]
[Annotator "TA"]
[PlyCount "103"]
[EventDate "2018.10.05"]
[EventType "swiss"]
[EventCountry "RUS"]
[SourceTitle "playchess.com"]
[Source "ChessBase"]
[SourceQuality "1"]

{[%evp 9,103,-4,4,-9,14,9,27,0,22,5,18,18,22,14,38,24,30,10,10,17,27,0,17,0,0,0,0,-10,-14,-45,0,0,18,47,32,37,31,3,14,12,68,65,60,67,133,101,155,127,278,273,391,391,484,477,459,319,493,496,831,819,789,750,1013,1003,1008,997,954,845,878,781,950,942,1235,1017,953,916,1066,836,1606,1557,1569,1464,1606,1510,1369,1347,1608,1735,1895,1884,1845,1745,1723,1614,2956,2621]} 1. e4 {[%cal Be2e4,Be4e5][%mdl 32]} c5 2. Nf3 Nf6 3. e5 Nd5 4. c3 Nc6 5. Na3 e6 6. Nc4 {B22: Sicilian: 2 c3} b6 (6... d6 7. Nxd6+ Bxd6 8. exd6 Qxd6 9. d4 cxd4 10. Nxd4 Qe5+ 11. Qe2 Qxe2+ 12. Nxe2 e5 13. Ng3 O-O {1-0 (48) Le Roux,J (2557)-Pavlidis,A (2563) Orsay 2018}) 7. d4 cxd4 8. cxd4 $146 {White has an edge.} (8. Nxd4 $5 {[%cal Rd4b5]} Be7 9. Nd6+ Bxd6 10. exd6 $11) ({Predecessor:} 8. Nxd4 Nxd4 9. Qxd4 Bb7 10. Be2 f5 11. Bh5+ g6 12. Bf3 Qb8 13. Bg5 Bc5 {½-½ (32) Wall,G (2342)-Pinter,G (2353) Birmingham 2006}) 8... Ba6 9. a3 Qc8 10. Bd2 b5 11. Ne3 Nxe3 12. fxe3 b4 13. a4 Bxf1 14. Rxf1 Be7 15. e4 Qb7 16. d5 Na5 17. Bg5 {[#] Bxe7 is the strong threat.} Bc5 18. Qd3 h6 19. Bd2 exd5 20. exd5 d6 21. O-O-O Qd7 22. b3 {Threatens to win with e6!} O-O $1 23. Kb2 Rad8 24. Bf4 $36 {[%mdl 2048] White fights for an advantage.} Nb7 ({Better is} 24... Rc8 $11) 25. Rfe1 $14 Qg4 26. Bg3 $1 Bb6 (26... Rc8 $14) 27. Re4 Qc8 (27... Qd7 $142) 28. Rxb4 $16 Nc5 $2 {[#]} (28... Rfe8 $16 {was worth a try.} 29. Rc4 Qd7) 29. Qc2 $18 dxe5 (29... Rfe8 $142 30. exd6 Nd7) 30. Nxe5 Rfe8 31. Rc4 Qa6 32. Rd2 Rc8 (32... Nd7 $142) 33. Nc6 {White is clearly winning.} ({Less strong is} 33. d6 Rxe5 34. Bxe5 Nxa4+ 35. Kb1 (35. Rxa4 Rxc2+ 36. Kxc2 Qb5 $16) 35... Rxc4 $18) 33... Re3 (33... Kh8 $142 34. Rxc5 Bxc5 35. Qxc5 Re2) 34. Rxc5 Bxc5 35. Qxc5 Rce8 36. d6 Qb7 37. Qb5 Qd7 38. Bf4 a6 39. Qxa6 R3e4 40. Bg3 {[%cal Bf4g3,Bg3f2,Bf2d4][%mdl 32]} f5 41. Qb5 f4 42. Bf2 Kh8 43. Ne5 Qe6 44. d7 Rd8 45. Bd4 Kh7 46. Bc3 Re3 47. Qd5 Qf5 48. Nc6 Qxd5 49. Rxd5 Re2+ 50. Ka3 Rf8 51. Rd2 Re3 52. Bb4 {Precision: White = 70%, Black = 28%.} 1-0